000 00364nam a22001451a 4500
082 _aH 510
_bVAS/V
100 _aVasudevasaran Agarwal
245 _aVaidic ganith/
_cby Vasudevasaran Agarwal
260 _aNew Delhi:
_bMotilal Banarsidass,
_c1963.
300 _a334p.
650 _aVedic Mathematics
650 _aMathematics
650 _aScience
942 _cBK
999 _c48706
_d48706